Přesnost stereofotogrammetrického měrení velkých průhybů tenkostěnných konstrukcí

Bibliographic Details
Main Authors: Drdácký, Miloš, 1945- (Author), Jurášková, Renata (Author), Růžek, Miloslav (Author)
Format: Article
Language:Slovak
Czech
PhysicalDescription:Obr. 8. Tb. 2. Res. rus., angl.
Subjects:

MARC

LEADER 00000nab a2200000 a 4500
001 vtls000049232
003 SK-MaSNL
005 20260304064821.0
008 250422c1979 xo 0 slo
015 |a SNBRB19rr/mm-uuuuu 
035 |a CL0059328 
035 |a (urnnbn)urn:nbn:sk:snk:ar-006iui 
035 |a (uuid)5fa4655d-84bb-43b0-a655-886cd695146a 
035 |a urn:nbn:sk:snk-ab8641 
040 |a SNKBUCL  |b slo  |c SNKBUCL  |e AACR2 
041 0 |a cze 
044 |a xo  |c SK 
080 |a 624  |2 1981 
080 |a 620.1  |2 1981 
100 1 |a Drdácký, Miloš,  |d 1945-  |4 aut  |9 61777 
245 1 0 |a Přesnost stereofotogrammetrického měrení velkých průhybů tenkostěnných konstrukcí  |c Miloš Drdacký, Renata Jurášková, Miloslav Růžek 
300 |b Obr. 8. Tb. 2. Res. rus., angl. 
650 0 7 |a tenkostenné konštrukcie  |2 snkbucl  |9 74182 
650 0 7 |a deformácie  |2 snkbucl  |9 14637 
650 0 7 |a stereofotogrammetria  |2 snkbucl  |9 1353082 
655 7 |a články z novín a časopisov  |2 snkbucl  |9 267496 
700 1 |a Jurášková, Renata  |4 aut  |9 451317 
700 1 |a Růžek, Miloslav  |4 aut  |9 451318 
773 0 |t Stavebnícky časopis  |g Roč. 27, č. 11 (1979), s. 807-818 
850 |a Slovenská národná knižnica 
852 |a Slovenská národná knižnica 
958 |a article9 
958 |a RK 
958 |a CZ 
958 |a OND 
958 |a EUIPO 
992 |a RBX 
999 |c 2748110  |d 2750040